01312 a2200253 45000010006000000050017000060080041000230030015000640400040000790800105001192450125002240200022003492640095003713000018004665050348004840410008008321000019008407000024008597000020008837000018009037000021009217000017009428560099009594505620260407155726.0260407a2010 arg spa dAR-UNSa-BCEJYS aAR-UNSa-BCEJYSbspacAR-UNSa-BCEJYS a304.4xAspectos generales de las políticas y prácticas sociales y culturales (política social)10aPolíticas públicas e inversión social destinadas a la niñez y adolescencia en la provincia de Mendozap2000-2007 a978-92-806-4466-2 1aMendoza :bUniversidad Nacional de Cuyo. Facultad de Ciencias Políticas y Socialesc2010 a95 p.c27 cm. a1.Encuadre ideológico y conceptual – 2. El contexto institucional y jurídico – 3. Consideraciones metodológicas – 4. Análisis de la investigación publica en infancia en la provincia de Mendoza – 5. Políticas educativas, de salud y de desarrollo social destinadas a la niñez y a la adolescencia en la provincia de Mendoza. aspa1 aSalcedo, Diego1 aZlotolow, Alejandro1 aReynoso, Sergio1 aRojo, Ricardo1 aMontoya, Gustavo1 aRomero, Luis41uhttps://www.biblioeco.unsa.edu.ar/pmb/images/libros/L127078.jpgyImagen de portadaqimage/jpeg